000 00615nam a2200193 a 4500
001 000017251
005 20240412074246.0
008 100322s1906 dr r 000 j spa d
040 _aDO-SdBNP
_bspa
_cBNPHU
082 _aRD863.4
_bC422c
100 1 _aCestero, Tulio M.,
_q(Tulio Manuel),
_d1877-1955
_91698
245 1 0 _aCuentos a Lila /
_cManuel F. Cestero.
260 _aSanto Domingo :
_bLa cuna de América,
_c1906.
300 _a132 p. ;
_c20 cm.
590 _aInventariado, 2018/ YL
650 0 _aCuentos dominicanos
_9176
650 0 _aLiteratura dominicana.
_967
910 _aValidado. Control de calidad MFF
999 _c16776
_d16776